[Event "Madrid"]
[Site "Madrid"]
[Date "1973.??.??"]
[Round "1"]
[White "Furman, Semen Abramovich"]
[Black "Planinec, Albin"]
[Result "1/2-1/2"]
[WhiteElo "2540"]
[BlackElo "2525"]

1.Nf3 Nf6 2.c4 g6 3.Nc3 Bg7 4.e4 d6 5.d4 O-O 6.Be2 e5 7.O-O Nc6 8.d5 Ne7
9.Bd2 Nh5 10.g3 f5 11.exf5 Nxf5 12.Ne4 Nf6 13.Bg5 h6 14.Bxf6 Bxf6 15.Kg2 Qe7
16.Re1 Bg7 17.Rc1 b6 18.a3 Bb7 19.Kg1 Qf7 20.Rc3 Rad8 21.Bf1 c6 22.dxc6 Bxc6
23.Bg2 Qb7 24.Nfd2 Nd4 25.Qg4 Qf7 26.h3 b5 27.b3 a5 28.Kh2 bxc4 29.bxc4 Ba4
30.Rb1 h5 31.Qg5 Nf5 32.Rf3 Bc2 33.Re1 Qe8 34.g4 Bh6 35.Nf6+ Rxf6 36.Qxf6 Bg7
37.Qg5 Bh6 38.Qf6 Bg7  1/2-1/2

[Event "Netanya-B"]
[Site "Netanya"]
[Date "1973.??.??"]
[Round "4"]
[White "Onat, Ilhan"]
[Black "Malachi, Avraham"]
[Result "1/2-1/2"]
[WhiteElo "2320"]
[BlackElo "2200"]

1.d4 Nf6 2.c4 g6 3.Nc3 Bg7 4.e4 d6 5.Be2 O-O 6.Nf3 e5 7.O-O Nc6 8.d5 Ne7
9.Ne1 Ne8 10.f3 f5 11.g4 fxg4 12.fxg4 Rxf1+ 13.Bxf1 h6 14.h4 Nf6 15.Be2 Qd7
16.g5 Nh7 17.Ng2 a6 18.Qd3 Kh8 19.Qg3 hxg5 20.hxg5 Qh3 21.Qxh3 Bxh3 22.Kh2 Bd7
23.Kg3 Rg8 24.Bd2 Bf8 25.b4 Nc8 26.Nh4 Be7 27.Nf3 Kg7 28.a4 Nf8 29.a5 Rh8
30.Nh4 Nh7 31.Bg4 Bxg4 32.Kxg4 Nf8 33.Be3 Nd7 34.Nf3 Rh5 35.Na4 Rh8 36.c5 c6
37.dxc6 bxc6 38.Rd1 Kf7 39.Nh4 Rg8 40.cxd6 Nxd6 41.Rc1 Rc8 42.Nb6 Nxb6 43.axb6 Nxe4
44.Nf3 Ke6 45.b7 Rb8 46.Rxc6+ Nd6 47.Rxa6  1/2-1/2

[Event "Birmingham International"]
[Site "Birmingham"]
[Date "1974.04.16"]
[Round "7"]
[White "Cafferty, Bernard"]
[Black "Tringov, Georgi P"]
[Result "0-1"]
[WhiteElo "2355"]
[BlackElo "2450"]

1.c4 g6 2.Nc3 Bg7 3.d4 Nf6 4.e4 d6 5.Be2 O-O 6.Nf3 e5 7.O-O Nc6 8.d5 Ne7
9.Bd2 Nh5 10.g3 f5 11.exf5 Nxf5 12.Ng5 Nf6 13.Bd3 Nd4 14.Ne2 Nxe2+ 15.Qxe2 c6
16.Kg2 Bd7 17.f3 Kh8 18.dxc6 bxc6 19.Ne4 d5 20.Nxf6 Qxf6 21.Rac1 Qe6 22.Bc3 Rae8
23.Rce1 g5 24.cxd5 cxd5 25.Bb5 g4 26.Bxd7 Qxd7 27.Bb4 gxf3+ 28.Rxf3 Rxf3
29.Qxf3 e4 30.Qa3 d4 31.Bc5 e3 32.Qxa7 Qd5+ 33.Kg1 Qf3 34.Rf1 Qe4 35.Rf4 Qb1+
36.Kg2 Qd3 37.Bxd4 Bxd4 38.Rxd4 Qe2+ 39.Kh3 Qf1+ 40.Kh4 Qf6+  0-1

[Event "IBM"]
[Site "Amsterdam"]
[Date "1974.??.??"]
[Round "1"]
[White "Langeweg, Kick"]
[Black "Geller, Efim P"]
[Result "1/2-1/2"]
[WhiteElo "2390"]
[BlackElo "2610"]

1.c4 g6 2.d4 Bg7 3.e4 d6 4.Nc3 Nf6 5.Be2 O-O 6.Nf3 e5 7.O-O Nc6 8.d5 Ne7
9.Nd2 a5 10.a3 Bd7 11.b3 Nc8 12.Rb1 Nb6 13.b4 axb4 14.axb4 Na4 15.Qc2 Nxc3
16.Qxc3 Bh6 17.Bb2 Bxd2 18.Qxd2 Nxe4 19.Qe3 f5 20.f4 exf4 21.Rxf4 Ra2 22.Bd3 Nf6
23.Qd4 Qe7 24.Rff1 Qg7 25.Ra1 Rxa1 26.Bxa1 Nh5 27.Qa7 Qh6 28.Bc3 Re8 29.Re1 Rxe1+
30.Bxe1 Qc1 31.Kf1 Nf4 32.Qb8+ Kf7 33.Qd8 Nxd3 34.Qxd7+ Kf6 35.Qe6+ Kg5 36.Qe7+ Kh6
37.Qh4+  1/2-1/2

[Event "HUN-ch"]
[Site "?"]
[Date "1974.??.??"]
[Round "?"]
[White "Lukacs, Peter"]
[Black "Hazai, Laszlo"]
[Result "0-1"]
[WhiteElo "2345"]
[BlackElo "2420"]

1.d4 g6 2.c4 Bg7 3.Nc3 Nf6 4.e4 d6 5.Nf3 O-O 6.Be2 e5 7.O-O Nc6 8.d5 Ne7
9.Ne1 Nd7 10.f3 f5 11.g4 Nf6 12.Nd3 c6 13.Be3 f4 14.Bf2 g5 15.h3 c5 16.Rb1 h5
17.b4 b6 18.bxc5 bxc5 19.Qa4 a6 20.Rb3 Bd7 21.Qa3 Qc8 22.Na4 Bxa4 23.Qxa4 hxg4
24.hxg4 Nxg4 25.Nxc5 Nxf2 26.Ne6 Nh3+ 27.Kh2 g4 28.fxg4 f3 29.Bxf3 Nf4 30.Nxf8 Bxf8
31.Kg3 Neg6 32.Rh1 Ra7 33.Rb6 Be7 34.Qb3 Kg7 35.Rb8 Qc5 36.Re8 Bh4+  0-1

[Event "Lublin"]
[Site "Lublin"]
[Date "1974.??.??"]
[Round "5"]
[White "Anikaev, Yuri N"]
[Black "Szymczak, Zbigniew"]
[Result "1/2-1/2"]
[WhiteElo "2455"]
[BlackElo "2200"]

1.c4 g6 2.d4 Bg7 3.Nc3 Nf6 4.e4 d6 5.Be2 O-O 6.Nf3 e5 7.O-O Nc6 8.d5 Ne7
9.b4 Nh5 10.g3 f5  1/2-1/2

[Event "FRG-ch"]
[Site "Menden"]
[Date "1974.??.??"]
[Round "?"]
[White "Weise, Dietrich"]
[Black "Held, Paul"]
[Result "0-1"]
[WhiteElo "2200"]
[BlackElo "2200"]

1.d4 Nf6 2.c4 g6 3.Nc3 Bg7 4.e4 d6 5.Be2 O-O 6.Nf3 e5 7.O-O Nc6 8.d5 Ne7
9.Ne1 Nd7 10.Nd3 f5 11.Bd2 Nf6 12.f3 f4 13.c5 g5 14.Rc1 Ng6 15.cxd6 cxd6
16.Nb5 Rf7 17.Qc2 Ne8 18.a4 h5 19.Nf2 Nh4 20.h3 Qf6 21.Qb3 Qg6 22.Rc4 a6
23.Na3 Bh6 24.Rfc1 Bd7 25.Be1 Rb8 26.R1c3 Nf6 27.Qd1 Rbf8 28.Rb4 Rg7 29.Rxb7 g4
30.fxg4 hxg4 31.hxg4 f3 32.gxf3 Bf4 33.Nc4 Qh6 34.Bd2 Nxf3+ 35.Bxf3 Nxg4
36.Bxg4 Qh2+ 37.Kf1 Rxg4 38.Qf3 Rg1+ 39.Ke2 Bg4 40.Qxg4+ Rxg4  0-1

[Event "Nice olm fin-B"]
[Site "Nice"]
[Date "1974.??.??"]
[Round "5"]
[White "Schmidt, Wlodzimierz"]
[Black "Andersen, Borge"]
[Result "1-0"]
[WhiteElo "2500"]
[BlackElo "2390"]

1.Nf3 g6 2.c4 Bg7 3.d4 d6 4.Nc3 Nf6 5.e4 O-O 6.Be2 e5 7.O-O Nc6 8.d5 Ne7
9.b4 Ne8 10.Nd2 f5 11.f3 Bh6 12.Nb3 Bxc1 13.Rxc1 f4 14.c5 g5 15.a4 h5 16.a5 Kh8
17.Nd2 Rg8 18.g4 fxg3 19.hxg3 Ng6 20.Nc4 Qf6 21.Rf2 Kg7 22.Ne3 h4 23.g4 Kf8
24.Bf1 Nf4 25.Rfc2 Qd8 26.cxd6 cxd6 27.Nb5 Bd7 28.Nc7 Rb8 29.Bb5 Bxb5 30.Nxb5 a6
31.Na7 Rg7 32.Nc8 Rc7 33.Nb6 Rxc2 34.Qxc2 Ng7 35.Kh2 Ne8 36.Nf5 Ng6 37.Nc8 Kf7
38.Ncxd6+ Nxd6 39.Qc7+ Qxc7 40.Rxc7+ Kf8 41.Nxd6 b6 42.Rf7+ Kg8 43.Rb7  1-0

[Event "Nice olm fin-B"]
[Site "Nice"]
[Date "1974.??.??"]
[Round "5"]
[White "Robatsch, Karl"]
[Black "Macles, Jacques"]
[Result "1-0"]
[WhiteElo "2440"]
[BlackElo "2280"]

1.c4 Nf6 2.Nf3 g6 3.Nc3 Bg7 4.e4 d6 5.d4 O-O 6.Be2 e5 7.O-O Nc6 8.d5 Ne7
9.b4 a5 10.bxa5 Rxa5 11.Nd2 Nd7 12.Nb3 Ra8 13.Be3 f5 14.f3 f4 15.Bf2 g5 16.c5 Nf6
17.a4 h5 18.a5 Ng6 19.cxd6 cxd6 20.Nb5 Ne8 21.Bb6 Qf6 22.Na7 Bd7 23.Bb5 Rf7
24.Bxd7 Rxd7 25.Rc1 Bf8 26.Nb5 Rg7 27.Rf2 Nh4 28.Rfc2 g4 29.Kh1 Qg6 30.Qe2 Nf6
31.Nc7 Rc8 32.Ne6 Rxc2 33.Rxc2 Rf7 34.Rc8 Qh6 35.Bd8 Ng6 36.Bxf6 Rxf6 37.Nd2 g3
38.h3 Qh7 39.Qb5 Qe7 40.Nc4 Rf7 41.Re8  1-0

[Event "Nice olm prel"]
[Site "Nice"]
[Date "1974.??.??"]
[Round "6"]
[White "Savadkouhi, Massoud Amir"]
[Black "Toth, Bela"]
[Result "1-0"]
[WhiteElo "2340"]
[BlackElo "2385"]

1.d4 Nf6 2.c4 g6 3.Nc3 Bg7 4.e4 d6 5.Be2 O-O 6.Nf3 e5 7.O-O Nc6 8.d5 Ne7
9.Ne1 Ne8 10.Nd3 f5 11.exf5 Nxf5 12.f3 c5 13.Nf2 Nd4 14.Nfe4 h6 15.Rb1 Nf6
16.Nxf6+ Qxf6 17.Bd3 Bf5 18.Be4 Rf7 19.Be3 Raf8 20.Qd3 Qe7 21.Rf2 Kh7 22.Rbf1 Qd7
23.h3 Bf6 24.b4 Bh4 25.Rb2 Bg3 26.bxc5 dxc5 27.Qd2 h5 28.Bh6 Re8 29.Rfb1 b6
30.a4 Kh8 31.a5 bxa5 32.Bxf5 Nxf5 33.Ne4 Bh4 34.Bg5 Ref8 35.Bxh4 Nxh4 36.Qh6+ Kg8
37.Ng5 Re7 38.Rb8 Rfe8 39.Ne6 Kf7 40.Qg7+  1-0

[Event "Nice olm fin-A"]
[Site "Nice"]
[Date "1974.??.??"]
[Round "7"]
[White "Spassov, Liuben"]
[Black "Szmetan, Jorge"]
[Result "1/2-1/2"]
[WhiteElo "2430"]
[BlackElo "2405"]

1.Nf3 Nf6 2.c4 g6 3.Nc3 Bg7 4.e4 d6 5.d4 O-O 6.Be2 e5 7.O-O Nc6 8.d5 Ne7
9.Nd2 c5 10.Rb1 Ne8 11.b4 f5 12.bxc5 dxc5 13.Nb3 b6 14.f3 Nd6 15.Nb5 a6 16.Nxd6 Qxd6
17.Bd2 f4 18.Nc1 Bd7 19.Qb3 Rfb8 20.Nd3 g5 21.Rb2 Ng6 22.Rfb1 Bf6 23.Be1 Be7
24.Bf2 Qc7  1/2-1/2

[Event "Nice olm fin-A"]
[Site "Nice"]
[Date "1974.??.??"]
[Round "8"]
[White "Kortschnoj, Viktor"]
[Black "Ciocaltea, Victor"]
[Result "1-0"]
[WhiteElo "2670"]
[BlackElo "2470"]

1.d4 g6 2.c4 Bg7 3.Nc3 d6 4.e4 Nf6 5.Nf3 O-O 6.Be2 e5 7.O-O Nc6 8.d5 Ne7
9.Ne1 c5 10.f4 exf4 11.Bxf4 Ne8 12.Nd3 f6 13.Qd2 Kh8 14.Rab1 Ng8 15.b4 b6
16.bxc5 bxc5 17.Nb5 Rf7 18.Bd1 Rb7 19.Ba4 Rab8 20.Rb3 Qe7 21.Nxa7 Rxb3 22.axb3 Qxa7
23.Bxe8 Rxb3 24.Bxd6 Qa3 25.Nxc5 Rb2 26.Na4 Qxa4 27.Qxb2 Qxe8 28.Qb8 h5 29.h3 Kh7
30.c5 Nh6 31.c6 Nf7 32.Bf4 g5 33.Bh2 f5 34.exf5 Bd4+ 35.Kh1 Qe2 36.Qb1 Ba6
37.Re1 Qc4 38.Qe4 Qc3 39.Bg1 Bf6 40.Qe3 Qc2 41.Qf3 g4 42.hxg4  1-0

[Event "Nice olm prel"]
[Site "Nice"]
[Date "1974.??.??"]
[Round "9"]
[White "Debarnot, Roberto"]
[Black "Ree, Hans"]
[Result "0-1"]
[WhiteElo "2420"]
[BlackElo "2425"]

1.Nf3 Nf6 2.c4 g6 3.Nc3 Bg7 4.e4 d6 5.d4 O-O 6.Be2 e5 7.O-O Nc6 8.d5 Ne7
9.Ne1 Nd7 10.Nd3 f5 11.f3 f4 12.Bd2 g5 13.b4 Nf6 14.c5 Ng6 15.Rc1 Rf7 16.Nf2 h5
17.h3 Bf8 18.cxd6 cxd6 19.a4 Rg7 20.Be1 Nh8 21.a5 Nf7 22.Nb5 Nh6 23.Qc2 g4
24.Nc7 gxh3 25.Nxa8 Bd7 26.Nc7 hxg2 27.Ne6 gxf1=Q+ 28.Kxf1 Bxe6 29.dxe6 h4
30.Qc8 Qe7 31.b5 Nh5 32.Nh3 d5 33.Qd7 dxe4 34.Qxe7 Bxe7 35.Rc8+ Kh7 36.Rc7 Nf5
37.Bc3 Nhg3+ 38.Ke1 Nxe2 39.Kxe2 exf3+ 40.Kxf3 Rg3+ 41.Ke4 Kg6 42.Bxe5 Rxh3
43.Bxf4 Ra3  0-1

[Event "Nice olm fin-A"]
[Site "Nice"]
[Date "1974.??.??"]
[Round "10"]
[White "Ornstein, Axel"]
[Black "Torre, Eugenio"]
[Result "1/2-1/2"]
[WhiteElo "2430"]
[BlackElo "2450"]

1.Nf3 Nf6 2.c4 g6 3.Nc3 Bg7 4.e4 d6 5.d4 O-O 6.Be2 e5 7.O-O Nc6 8.d5 Ne7
9.Ne1 Nd7 10.Nd3 f5 11.Bd2 Nf6 12.f3 f4 13.c5 g5 14.Rc1 Ng6 15.Nb5 Rf7 16.Ba5 b6
17.cxb6 cxb6 18.Bb4 Bf8 19.Qc2 Ne8 20.a4 Rg7 21.Nf2 h5 22.h3 Nh4 23.Qb3 a6
24.Na3 Nf6 25.Rc2 g4 26.fxg4 hxg4 27.Nxg4 Bxg4 28.Bxg4 Nxg4 29.hxg4 Rxg4
30.Qh3 Qg5 31.Be1 Re8 32.Nc4 b5 33.axb5 axb5 34.Na3 Re7 35.Nxb5 Rh7 36.Nc7 Nxg2
37.Qxg4 Qxg4 38.Rxg2 Qxg2+ 39.Kxg2 Rxc7 40.Bc3 Rg7+ 41.Kf3 Be7 42.Be1 Bd8
43.Bf2 Rb7 44.Ra1 Kf7  1/2-1/2

[Event "Nice olm fin-B"]
[Site "Nice"]
[Date "1974.??.??"]
[Round "11"]
[White "Schmidt, Wlodzimierz"]
[Black "Macles, Jacques"]
[Result "1/2-1/2"]
[WhiteElo "2500"]
[BlackElo "2280"]

1.d4 Nf6 2.c4 g6 3.Nc3 Bg7 4.e4 d6 5.Nf3 O-O 6.Be2 e5 7.O-O Nc6 8.d5 Ne7
9.b4 Nh5 10.g3 f5 11.Ng5 Nf6 12.f3 Kh8 13.Qb3 c6 14.c5 h6 15.cxd6 Qxd6 16.Ne6 Bxe6
17.dxe6 Qd4+ 18.Kh1 fxe4 19.Rd1 Qf2 20.Rf1 Qd4 21.Rd1  1/2-1/2

[Event "Rubinstein mem"]
[Site "Polanica Zdroj"]
[Date "1974.??.??"]
[Round "2"]
[White "Schmidt, Wlodzimierz"]
[Black "Doda, Zbigniew"]
[Result "1/2-1/2"]
[WhiteElo "2500"]
[BlackElo "2410"]

1.c4 Nf6 2.Nc3 g6 3.d4 Bg7 4.e4 d6 5.Be2 O-O 6.Nf3 e5 7.O-O Nc6 8.d5 Ne7
9.b4 Nh5 10.g3 f5 11.Ng5 Nf6 12.f3 f4 13.b5 h6 14.Ne6 Bxe6 15.dxe6 fxg3 16.hxg3 Qc8
17.Nd5 Qxe6 18.Nxc7 Qh3 19.Nxa8 Qxg3+ 20.Kh1 Qh3+ 21.Kg1 Qg3+ 22.Kh1 Qh3+  1/2-1/2

[Event "Rubinstein mem"]
[Site "Polanica Zdroj"]
[Date "1974.??.??"]
[Round "9"]
[White "Farago, Ivan"]
[Black "Sznapik, Aleksander"]
[Result "1-0"]
[WhiteElo "2475"]
[BlackElo "2325"]

1.d4 Nf6 2.c4 g6 3.Nc3 Bg7 4.e4 d6 5.Nf3 O-O 6.Be2 e5 7.O-O Nc6 8.d5 Ne7
9.Nd2 c5 10.Rb1 Ne8 11.b4 b6 12.a4 a5 13.bxc5 bxc5 14.Qb3 Ra6 15.f4 exf4
16.Nf3 g5 17.Nxg5 Ng6 18.Nf3 Nf6 19.Ne1 Ng4 20.Bxg4 Bxg4 21.h3 Bd4+ 22.Kh1 f5
23.Nb5 Rb6 24.Nf3 Bg7 25.Nh2 Qh4 26.Bd2 Be5 27.Be1 Kh8 28.Bxa5 Rb7 29.Bc3 f3
30.Bxe5+ Nxe5 31.Nxf3 Nxf3 32.Rxf3 Bxf3 33.Qxf3 Qg5 34.exf5 Rxf5 35.Qg4 Qxg4
36.hxg4 Rf4 37.a5 Rxc4 38.a6 Rb8 39.a7 Ra8 40.Ra1 Rf4 41.Nc7 Rff8 42.Kg1 Kg7
43.Ra6 Rfc8 44.Nxa8 Rxa8 45.Kf2 Kf7 46.Ke3 Ke7 47.Kd3 Kd7 48.Kc4 Kc7 49.Kb5 Kb7
50.Rxd6 Rc8 51.Rd7+ Ka8 52.d6  1-0

[Event "Rimavska Sobota"]
[Site "Rimavska Sobota"]
[Date "1974.??.??"]
[Round "3"]
[White "Farago, Ivan"]
[Black "Tepper, M."]
[Result "1-0"]
[WhiteElo "2475"]
[BlackElo "2200"]

1.d4 Nf6 2.c4 g6 3.Nc3 Bg7 4.e4 d6 5.Nf3 O-O 6.Be2 e5 7.O-O Nc6 8.d5 Ne7
9.Nd2 Nd7 10.b4 f5 11.c5 Nf6 12.f3 f4 13.Nc4 Ne8 14.a4 g5 15.Ba3 Ng6 16.a5 Rf7
17.b5 Bf8 18.Na4 dxc5 19.Nxc5 Bxc5+ 20.Bxc5 Nd6 21.b6 axb6 22.axb6 Rxa1 23.Qxa1 Nxc4
24.Bxc4 cxb6 25.Bf2 Kg7 26.Rb1 Rf6 27.Qb2 Qc7 28.Be2 h5 29.Bxb6 Qd6 30.Qc2 Qf8
31.Bc7 Qe7 32.Bb5 b6 33.d6 Qe6 34.Bc4 Qd7 35.Rxb6 Rf8 36.Qd3 Kh6 37.Bb5 Qf7
38.d7 Qa2 39.Qd6  1-0

[Event "IBM-B"]
[Site "Amsterdam"]
[Date "1975.??.??"]
[Round "8"]
[White "Farago, Ivan"]
[Black "Ligterink, Gert"]
[Result "1/2-1/2"]
[WhiteElo "2460"]
[BlackElo "2365"]

1.d4 Nf6 2.c4 g6 3.Nc3 Bg7 4.e4 d6 5.Nf3 O-O 6.Be2 e5 7.O-O Nc6 8.d5 Ne7
9.Nd2 a5 10.Rb1 Bd7 11.b3 Nc8 12.a3 Nb6 13.Nf3 Nh5 14.g3 f5 15.Ne1 Nf6 16.exf5 Bxf5
17.Rb2 e4 18.Nb5 Bh3 19.Ng2 Nfd7 20.Rc2 Nc5 21.Ra2 Nbd7 22.Be3 Ne5 23.Nd4 Qf6
24.f4 exf3 25.Nxf3 Nxf3+ 26.Rxf3 Qc3 27.Bxc5 Rxf3 28.Bxf3 dxc5  1/2-1/2

[Event "ARG-ch"]
[Site "Buenos Aires"]
[Date "1975.??.??"]
[Round "9"]
[White "Garcia, Raimundo"]
[Black "Quinteros, Miguel A"]
[Result "0-1"]
[WhiteElo "2455"]
[BlackElo "2505"]

1.d4 Nf6 2.c4 g6 3.Nc3 Bg7 4.e4 d6 5.Nf3 O-O 6.Be2 e5 7.O-O Nc6 8.d5 Ne7
9.Nd2 c5 10.Rb1 Ne8 11.b4 b6 12.bxc5 bxc5 13.Nb3 f5 14.Bd2 Kh8 15.Rb2 Ng8
16.Qc2 Nef6 17.f3 fxe4 18.fxe4 Bg4 19.Bg5 Bh6 20.Qc1 Bxg5 21.Qxg5 Bd7 22.Bf3 Rb8
23.Rbf2 Qe7 24.Be2 Kg7 25.Qc1 Rb6 26.Qa3 a6 27.Nc1 h6 28.Nd3 Nh7 29.Rxf8 Nxf8
30.Qa5 Qd8 31.Bd1 Nf6 32.Ba4 Bc8 33.Bc6 Qc7 34.Qa3 Rb8 35.Rf2 N8h7 36.Rb2 Ng5
37.Nf2 Rxb2 38.Qxb2 Qa5 39.h4 Ngxe4 40.Nfxe4 Nxe4 41.Qb8 Qxc3 42.Qxc8 Qe1+
43.Kh2 Qxh4+ 44.Kg1 Qf2+ 45.Kh2 h5 46.Qxa6 Nd2  0-1

[Event "ARG-ch"]
[Site "Buenos Aires"]
[Date "1975.??.??"]
[Round "10"]
[White "Najdorf, Miguel"]
[Black "Garcia, Raimundo"]
[Result "1/2-1/2"]
[WhiteElo "2510"]
[BlackElo "2455"]

1.Nf3 Nf6 2.c4 g6 3.Nc3 Bg7 4.e4 d6 5.d4 O-O 6.Be2 e5 7.O-O Nc6 8.d5 Ne7
9.Nd2 a5 10.b3 Nd7 11.a3 f5 12.Rb1 Kh8 13.b4 Ng8 14.Bb2 Ngf6 15.Qc2 Ne8 16.Nb5 Ndf6
17.exf5 Bxf5 18.Bd3 Nh5 19.g3 Bh3 20.Rfe1 Nef6 21.Nc3 axb4 22.axb4 c6 23.dxc6 bxc6
24.Nde4 Ng4 25.Bf1 Bxf1 26.Rxf1 d5 27.Qe2 Ngf6 28.cxd5 cxd5 29.Nxf6 Nxf6
30.Rbd1 Re8 31.Rfe1 Ra7 32.Qb5 Rd7 33.Na4 Rde7 34.Nc5 d4 35.Ne4 Qd5 36.Qd3 Nxe4
37.Rxe4 Rb8 38.Qe2 Rf7 39.Bc3 Qb5 40.Be1 Qxe2 41.Rxe2 Kg8 42.Kg2  1/2-1/2

[Event "Lone Pine"]
[Site "Lone Pine"]
[Date "1975.??.??"]
[Round "1"]
[White "Commons, Kim S"]
[Black "Gligoric, Svetozar"]
[Result "0-1"]
[WhiteElo "2415"]
[BlackElo "2575"]

1.Nf3 Nf6 2.c4 g6 3.Nc3 Bg7 4.e4 d6 5.d4 O-O 6.Be2 e5 7.O-O Nc6 8.d5 Ne7
9.b4 Nh5 10.Nd2 Nf4 11.c5 f5 12.f3 Nxe2+ 13.Qxe2 f4 14.Nc4 g5 15.Ba3 Rf6
16.b5 Ng6 17.Rfe1 Bf8 18.b6 axb6 19.cxb6 cxb6 20.Rab1 g4 21.Qf2 gxf3 22.gxf3 Nh4
23.Kh1 Rg6 24.Rg1 Bh3 25.Qxb6 Qxb6 26.Rxg6+ hxg6 27.Rxb6 Rc8 28.Rb4 Bf1  0-1

[Event "Mercedes op"]
[Site "Mercedes"]
[Date "1975.??.??"]
[Round "7"]
[White "Letelier, Rene"]
[Black "Maiztegui Casas, L."]
[Result "1-0"]
[WhiteElo "2350"]
[BlackElo "2255"]

1.d4 Nf6 2.Nf3 g6 3.c4 Bg7 4.Nc3 O-O 5.e4 d6 6.Be2 e5 7.O-O Nc6 8.Be3 Ng4
9.Bg5 f6 10.Bh4 exd4 11.Nxd4 Nxd4 12.Qxd4 Ne5 13.f4 Nc6 14.Qd2 Be6 15.Rae1 Qd7
16.f5 gxf5 17.exf5 Bxf5 18.Nd5 Rae8 19.Bh5 Re5 20.Re3 Be6 21.Rxe5 fxe5 22.Rxf8+ Kxf8
23.Qf2+ Kg8 24.Nf6+ Bxf6 25.Bxf6 Nd4 26.Qg3+ Kf8 27.Qg5 Nc6 28.Qh6+  1-0

[Event "URS-chT"]
[Site "Riga"]
[Date "1975.??.??"]
[Round "?"]
[White "Zilberman, Nathan R"]
[Black "Kupreichik, Viktor D"]
[Result "1-0"]
[WhiteElo "2200"]
[BlackElo "2460"]

1.d4 Nf6 2.Nf3 g6 3.c4 Bg7 4.Nc3 O-O 5.e4 d6 6.Be2 e5 7.O-O Nc6 8.d5 Ne7
9.Ne1 Nd7 10.Nd3 f5 11.exf5 Nxf5 12.f3 Nf6 13.Nf2 c5 14.Nfe4 Bh6 15.Bxh6 Nxh6
16.Qd2 Nf5 17.Bd3 Nd4 18.f4 Nxe4 19.Nxe4 exf4 20.Rxf4 Rxf4 21.Qxf4 Bf5 22.Re1 Qf8
23.Qh4 Bxe4 24.Qxe4 Qf7 25.Rf1 Qe8 26.Re1 Qf7 27.h4 Rf8 28.Rf1 Qe8 29.Rxf8+ Kxf8
30.Qf4+ Kg7 31.h5 Qe7 32.Qg3 Qf6 33.hxg6 hxg6 34.Qg4 Qf7 35.Qg3 Qf6 36.Qg4 Nf5
37.Bxf5 Qxf5 38.Qe2 Kf6 39.Qe8 Qe5 40.Qh8+ Kf5 41.Qf8+ Kg5 42.b3 Qe1+ 43.Kh2 Qh4+
44.Kg1 Qd4+ 45.Kh1 Qf6 46.Qc8 b6 47.Qe8 a6 48.a4 Qf4 49.Qe7+ Kg4 50.Qe6+ Kh5
51.Kg1 Qg3 52.Qe2+ Kg5 53.Qe7+ Kh6 54.Qd8 Kh5 55.Qe7 Kh6 56.Qd8 Qe3+ 57.Kh2 Qe5+
58.g3 g5 59.Kh3 Kg6 60.Qg8+ Qg7 61.Qe6+ Qf6 62.Kg4 Qxe6+ 63.dxe6 Kf6 64.e7 Kxe7
65.Kxg5 d5 66.cxd5 b5 67.axb5 axb5 68.Kf4 c4 69.b4 Kf6 70.Ke4 Kg5 71.Kd4  1-0

[Event "URS-chT"]
[Site "Riga"]
[Date "1975.??.??"]
[Round "?"]
[White "Kolpakov, M."]
[Black "Krogius, Nikolai V"]
[Result "0-1"]
[WhiteElo "2200"]
[BlackElo "2570"]

1.d4 Nf6 2.c4 g6 3.Nc3 Bg7 4.e4 d6 5.Nf3 O-O 6.Be2 e5 7.O-O Nc6 8.d5 Ne7
9.Ne1 Nd7 10.f3 f5 11.g4 Nf6 12.Nd3 h5 13.g5 Nh7 14.h4 f4 15.Bd2 Nxg5 16.hxg5 Nf5
17.Rf2 Ng3 18.Rh2 Qxg5 19.Kf2 Nf5 20.Qh1 Ng3 21.Qg2 Bd7 22.Rg1 Qe7 23.Ke1 c5
24.dxc6 bxc6 25.Qf2 h4 26.c5 g5 27.cxd6 Qxd6 28.Qc5 Qf6 29.Bd1 Rfd8 30.Na4 Be6
31.Nb4 Bf8 32.Qa5 Bf7 33.Bc3 g4 34.Nxc6 Qxc6 35.Qxe5 Qh6 36.Qf6 h3 37.Qxh6 Bxh6
38.fxg4 Nxe4 39.Rxh3 Rxd1+ 40.Kxd1 Nf2+ 41.Kc2 Nxh3 42.Rh1 Bg6+ 43.Kb3 Rb8+
44.Kc4 Bd3+  0-1

[Event "Rimavska Sobota"]
[Site "Rimavska Sobota"]
[Date "1975.??.??"]
[Round "10"]
[White "Baumbach, Friedrich"]
[Black "Hausner, Ivan"]
[Result "1/2-1/2"]
[WhiteElo "2395"]
[BlackElo "2300"]

1.d4 Nf6 2.c4 g6 3.Nc3 Bg7 4.e4 d6 5.Nf3 O-O 6.Be2 e5 7.O-O Nc6 8.d5 Ne7
9.Ne1 Nd7 10.Nd3 f5 11.exf5 gxf5 12.f4 Ng6 13.Be3 c5 14.Qd2 Kh8 15.a3 Rg8
16.Rac1 exf4 17.Nxf4 Nxf4 18.Bxf4 Ne5 19.Bd3 Bd7 20.Ne2 Qf6 21.Ng3 Nxd3 22.Qxd3 Qd4+
23.Qxd4 Bxd4+ 24.Kh1 Rg6 25.Rce1 b5 26.b3 a5 27.Re7 Rd8 28.cxb5 Bxb5 29.Rfe1 Bd7
30.Rf7 Kg8 31.Ree7 Rg7 32.Rxg7+ Bxg7 33.Nh5 Bc3 34.Bxd6 Be8 35.Nf4 Bf6 36.Re6 Kf7
37.Be5 Bg5 38.Ra6 Bxf4 39.Bxf4 Rxd5 40.h4 a4 41.bxa4 Rd4 42.Ra7+ Kg6 43.Bg5 Rxa4
44.Re7 Bf7 45.Rc7 Rxa3  1/2-1/2

[Event "Szolnok"]
[Site "Szolnok"]
[Date "1975.??.??"]
[Round "2"]
[White "Farago, Ivan"]
[Black "Pinter, Jozsef"]
[Result "1/2-1/2"]
[WhiteElo "2460"]
[BlackElo "2410"]

1.d4 Nf6 2.c4 g6 3.Nc3 Bg7 4.e4 d6 5.Nf3 O-O 6.Be2 e5 7.O-O Nc6 8.d5 Ne7
9.Nd2 c5 10.Rb1 Ne8 11.b4 b6 12.a4 f5 13.a5 Kh8 14.Qa4 Bd7 15.Qa3 Ng8 16.Bd1 Nef6
17.Ba4 Bh6 18.bxc5  1/2-1/2

[Event "Vilnius zt"]
[Site "Vilnius"]
[Date "1975.??.??"]
[Round "7"]
[White "Grigorian, Karen Ashotovich"]
[Black "Gufeld, Eduard"]
[Result "1/2-1/2"]
[WhiteElo "2520"]
[BlackElo "2535"]

1.d4 Nf6 2.c4 g6 3.Nc3 Bg7 4.e4 d6 5.Nf3 O-O 6.Be2 e5 7.O-O Nc6 8.d5 Ne7
9.Nd2 c5 10.dxc6 bxc6 11.b4 d5 12.Ba3 a6 13.Re1 Be6 14.Bf1 h6 15.cxd5 cxd5
16.exd5 Nexd5 17.Na4 Qb8 18.Nc5 Bf5 19.Qb3 e4 20.h3 a5 21.b5 Nb4 22.Rac1 Rd8
23.Ndxe4 Nxe4 24.Nxe4 Be6 25.Qf3 Nxa2 26.Rcd1 Nb4 27.Rxd8+ Qxd8 28.Rd1 Qf8
29.Nc5 Bf5 30.Na6 Rc8 31.b6 Rc3 32.Bxb4 axb4 33.Qf4 Bc8 34.Nxb4 Rb3 35.Qc7 Qxb4
36.Rd8+ Kh7 37.Qxf7 h5 38.Rxc8 Rb1 39.Rc7 Qd4 40.Rd7 Qa1 41.Qc4 Rxb6 42.g4 Rf6
43.Qe4 Qb2 44.Qe3 Qb6 45.Qg3 Qc6 46.Ra7 Qf3 47.gxh5 Qxh5 48.Bg2 Qd1+ 49.Bf1 Qd4
50.Qe3 Qf4 51.Be2 Kh6 52.Ra4 Qxe3 53.fxe3 Bf8 54.Rh4+ Kg7 55.Rc4 Rf5 56.Rc7+ Rf7
57.Rc6 Rf6 58.Rc8 Rf5 59.Kg2 Bc5 60.Bg4 Re5 61.e4 Be7 62.Rc7  1/2-1/2

[Event "Capablanca mem-A 13th"]
[Site "Cienfuegos"]
[Date "1976.05.23"]
[Round "7"]
[White "Garcia Gonzales, Guillermo"]
[Black "Rodriguez, Amador"]
[Result "0-1"]
[WhiteElo "2475"]
[BlackElo "2405"]

1.d4 Nf6 2.c4 g6 3.Nc3 Bg7 4.e4 d6 5.Be2 O-O 6.Nf3 e5 7.O-O Nc6 8.Be3 Re8
9.dxe5 dxe5 10.h3 h6 11.c5 Nh5 12.Qc1 Nd4 13.Bxh6 Bxh6 14.Qxh6 Nf4 15.Nxd4 Qxd4
16.Bg4 Qd2 17.Qh4 Qxb2 18.Bxc8 Raxc8 19.Nd5 Nxd5 20.exd5 Rcd8 21.Rad1 Qxa2
22.Qe4 Qb3 23.Rd3 Qc2 24.Qe3 e4 25.Rc3 Qa4 26.Ra3 Qc4 27.Rxa7 Qxd5 28.Rb1 Rb8
29.Ra5 Red8 30.Rab5 Rd7 31.R5b4 f5 32.Qc3 Re7 33.Rd4 Qe6 34.Qg3 Kg7 35.Rdb4 Qe5
36.Qg5 c6 37.Rb6 Rd7 38.Qe3 f4 39.Qe2 Re7 40.Qg4 e3 41.fxe3 fxe3 42.Qb4 e2
43.Re1 Qe3+ 44.Kh2 Rf8 45.Rxb7 Qe5+ 46.Kg1 Rf1+ 47.Rxf1 Qe3+  0-1

[Event "Capablanca mem-B 13th"]
[Site "Cienfuegos"]
[Date "1976.05.27"]
[Round "11"]
[White "Frey, Kenneth"]
[Black "Garcia, Wilfredo"]
[Result "0-1"]
[WhiteElo "2295"]
[BlackElo "2320"]

1.Nf3 g6 2.d4 Bg7 3.c4 d6 4.Nc3 Nf6 5.e4 O-O 6.Be2 e5 7.O-O Nc6 8.d5 Ne7
9.Ne1 Ne8 10.Nd3 f5 11.exf5 gxf5 12.f4 e4 13.Nf2 c5 14.dxc6 bxc6 15.Be3 Be6
16.Qd2 Nc7 17.Rfd1 d5 18.Bc5 Qd7 19.g4 Rfd8 20.cxd5 cxd5 21.gxf5 Nxf5 22.Ng4 Qc6
23.Nxe4 dxe4 24.Qxd8+ Rxd8 25.Rxd8+ Kf7 26.Rc1 Bd4+ 27.Rxd4 Nxd4 28.Ne5+ Kg8
29.Nxc6 Nxe2+ 30.Kf2 Nxc1 31.Ke3 Bxa2 32.Nxa7 Bb1 33.Bd6 Nd5+ 34.Kd4 Nf6
35.b4 Nb3+ 36.Ke3 Nd5+ 37.Kf2 e3+ 38.Ke1 Nd4 39.Be5 Nc2+ 40.Ke2 Ncxb4 41.Nb5 Bd3+  0-1

[Event "Capablanca mem-B 13th"]
[Site "Cienfuegos"]
[Date "1976.05.31"]
[Round "15"]
[White "Ostos, Julio"]
[Black "Garcia, Wilfredo"]
[Result "1-0"]
[WhiteElo "2255"]
[BlackElo "2320"]

1.d4 Nf6 2.c4 g6 3.Nc3 Bg7 4.e4 d6 5.Nf3 O-O 6.Be2 e5 7.O-O Nc6 8.d5 Ne7
9.Ne1 Ne8 10.Be3 f5 11.f3 f4 12.Bf2 h5 13.c5 g5 14.a4 Rf7 15.cxd6 cxd6 16.a5 Bh6
17.Nb5 a6 18.Bb6 Qd7 19.Na7 Ng6 20.Rc1 Rg7 21.Nxc8 Rxc8 22.Rxc8 Qxc8 23.Nd3 Nf6
24.Nf2 Nh4 25.h3 Kh7 26.Kh1 Rf7 27.Qb1 Qf8 28.Qc2 Nd7 29.Rc1 g4 30.hxg4 Nxb6
31.axb6 Qd8 32.gxh5 Qxb6 33.Ng4 Bg5 34.Qc8 Qa5 35.Bf1 Qd8 36.Qxd8 Bxd8 37.Rc8 Ba5
38.Kg1 Rg7 39.Kf2 Bb6+ 40.Ke2 Bc5 41.Nf6+ Kh6 42.Rh8+ Kg5 43.Nh7+  1-0

[Event "Capablanca mem-A 13th"]
[Site "Cienfuegos"]
[Date "1976.06.01"]
[Round "16"]
[White "Kozma, Julius"]
[Black "Sznapik, Aleksander"]
[Result "1/2-1/2"]
[WhiteElo "2375"]
[BlackElo "2390"]

1.Nf3 Nf6 2.c4 g6 3.Nc3 Bg7 4.e4 d6 5.d4 O-O 6.Be2 e5 7.O-O Nc6 8.d5 Ne7
9.Ne1 Nd7 10.Nd3 f5 11.exf5 Nxf5 12.f3 Nf6 13.Nf2 Nd4 14.Nfe4 h6 15.Be3 Nh5
16.g3 Rf7 17.Bxd4 exd4 18.Nb5 Nf6 19.Bd3 Bh3 20.Rf2 a6 21.Na3 Nd7 22.f4 Nf6
23.Nxf6+ Qxf6 24.Qd2 Re8 25.Re1 Rxe1+ 26.Qxe1 Re7 27.Re2 Re3 28.Rxe3 dxe3
29.Qxe3 Kh7 30.Qf2 Qd4 31.Qxd4 Bxd4+ 32.Kh1 Bxb2 33.Nc2 Kg7 34.Kg1 Kf6 35.Kf2 Bc3
36.Ne3 Bd4 37.Kf3 h5 38.g4 hxg4+ 39.Nxg4+  1/2-1/2